BMI quarterly cost briefing (Record no. 108403)

MARC details
000 -LEADER
fixed length control field 01445cam a22002655a 4500
001 - CONTROL NUMBER
control field E144169
008 - FIXED-LENGTH DATA ELEMENTS--GENERAL INFORMATION
fixed length control field 070522s2008 xxk f 000 0 eng d
022 1# - INTERNATIONAL STANDARD SERIAL NUMBER
International Standard Serial Number 0952-4053
035 ## - SYSTEM CONTROL NUMBER
System control number (Sirsi) u144169
041 0# - LANGUAGE CODE
Language code of text/sound track or separate title eng
050 04 - LIBRARY OF CONGRESS CALL NUMBER
Classification number 690.24 $2 18
110 2# - MAIN ENTRY--CORPORATE NAME
Corporate name or jurisdiction name as entry element Building Maintenance Information
9 (RLIN) 3229
240 ## - UNIFORM TITLE
Uniform title BMI quarterly briefing of maintenance costs
245 00 - TITLE STATEMENT
Title BMI quarterly cost briefing
260 ## - PUBLICATION, DISTRIBUTION, ETC.
Place of publication, distribution, etc. London
Name of publisher, distributor, etc. BCIS
Date of publication, distribution, etc. 2008
300 ## - PHYSICAL DESCRIPTION
Extent 32p.
Dimensions 30cm.
490 #0 - SERIES STATEMENT
Series statement BMI Quarterly Cost Briefing
Volume/sequential designation 368
490 #0 - SERIES STATEMENT
Series statement BMI Quarterly Cost Briefing
Volume/sequential designation 369
505 2# - FORMATTED CONTENTS NOTE
Formatted contents note Input cost indices forecasts -- Output price indices -- Input cost indices: BMI health service maintenance cost indices -- BMI local authority maintenance cost indices -- BMI private sector maintenance cost indices -- BMI all-in maintenance cost indices -- BMI maintenance materials cost indices -- Lift service labour cost index -- BMI cleaning cost indices -- BMI energy cost indices -- BMI labour cost indices -- BMI construction materials price indices -- Retail Prices Index -- Wage agreements and national insurance rates -- Market prices and maintenance materials
520 ## - SUMMARY, ETC.
Summary, etc. Only available online only from September 2008.
651 #4 - SUBJECT ADDED ENTRY--GEOGRAPHIC NAME
Geographic name United Kingdom
Chronological subdivision
690 ## - LOCAL SUBJECT ADDED ENTRY--TOPICAL TERM (OCLC, RLIN)
Topical term or geographic name as entry element BUILT ENVIRONMENT-BUILDING MAINTENANCE AND REFURBISHMENT-MAINTENANCE COSTS
856 40 - ELECTRONIC LOCATION AND ACCESS
Uniform Resource Identifier <a href="https://www.bcis.co.uk/">https://www.bcis.co.uk/</a>
Public note View the item at http://www.bcis.co.uk by logging in.
942 ## - ADDED ENTRY ELEMENTS (KOHA)
Suppress in OPAC 0
Holdings
Withdrawn status Lost status Source of classification or shelving scheme Damaged status Not for loan Home library Current library Shelving location Date acquired Total Checkouts Full call number Barcode Date last seen Copy number Price effective from Koha item type
    Dewey Decimal Classification     London London BCIS/BMI publications 14/07/2008   BMI ISS 101 JUN 2008 30074957 06/08/2019 1 06/08/2019 Reference material